Statistics for All Dependent Territories of France

Click here to take the quiz!

General Stats

  • This quiz has been taken 116 times
  • The average score is 5 of 8

Answer Stats

ContinentDependent Territory% Correct
OceaniaFrench Polynesia
86%
OceaniaNew Caledonia
81%
North AmericaSaint Martin
75%
North AmericaSaint Pierre and Miquelon
69%
OceaniaWallis and Futuna
62%
North AmericaSaint Barthélemy
57%
AntarcticaFrench Southern and Antarctic Lands
38%
OceaniaClipperton Island
35%

Score Distribution

Percentile by Number Answered

Percent of People with Each Score

Your Score History

You have not taken this quiz